[Event "Madrid San Viator op-A 26th"]
[Site "Madrid"]
[Date "2016.05.22"]
[Round "7"]
[White "Del Noval Nemeshazi, Nesztor"]
[Black "Mena Corrochano, Alberto"]
[Result "0-1"]
[WhiteElo "1920"]
[BlackElo "2121"]
[PlyCount "78"]
[EventDate "2016.04.03"]
[EventType "swiss"]
[EventRounds "9"]
[EventCountry "ESP"]
[SourceTitle "EXT 2017"]
[Source "ChessBase"]
[SourceDate "2016.10.25"]
[SourceVersion "1"]
[SourceVersionDate "2016.10.25"]
[SourceQuality "1"]

1. e4 c5 2. Nf3 e6 3. d4 cxd4 4. Nxd4 Nc6 5. Nc3 Qc7 6. Be3 a6 7. Qd2 Nf6 8. f3 Bb4 9. a3 Be7 10. 0-0-0 Ne5 11. g4 d6 12. Kb1 b5 13. g5 Nfd7 14. h4 Nb6 15. Qf2 Nbc4 16. Bc1 Nxa3+ 17. bxa3 Qxc3 18. f4 Nd7 19. f5 e5 20. f6 exd4 21. fxe7 Ne5 22. Bb2 Qc7 23. Qxd4 Kxe7 24. Qb4 a5 25. Qxb5 Rb8 26. Qd5 Qb6 27. Qa2 Be6 28. Qa1 Rhc8 29. Rh2 Qe3 30. Rhd2 Bg4 31. Rxd6 Bxd1 32. Rxd1 Qxe4 33. Bd3 Nxd3 34. cxd3 Qe2 35. Rc1 Qxd3+ 36. Ka2 Qb3+ 37. Kb1 Rxc1+ 38. Kxc1 Rc8+ 39. Kb1 Rd8 0-1

[Event "Madrid San Viator op-A 26th"]
[Site "Madrid"]
[Date "2016.04.03"]
[Round "1"]
[White "Camarero Izquierdo, Juan Carlos"]
[Black "Mena Corrochano, Alberto"]
[Result "1-0"]
[WhiteElo "1810"]
[BlackElo "2121"]
[PlyCount "65"]
[EventDate "2016.04.03"]
[EventType "swiss"]
[EventRounds "9"]
[EventCountry "ESP"]
[SourceTitle "EXT 2017"]
[Source "ChessBase"]
[SourceDate "2016.10.25"]
[SourceVersion "1"]
[SourceVersionDate "2016.10.25"]
[SourceQuality "1"]

1. d4 d5 2. Nc3 c6 3. e4 g6 4. e5 Bg7 5. f4 Nh6 6. Be3 b6 7. Qd2 Ng4 8. Nf3 Nxe3 9. Qxe3 Na6 10. h4 Nc7 11. h5 Qd7 12. 0-0-0 e6 13. g4 Ba6 14. hxg6 hxg6 15. Rxh8+ Bxh8 16. Bxa6 Nxa6 17. Rh1 0-0-0 18. Rh7 Rg8 19. f5 exf5 20. Qh6 Qe8 21. Ng5 Bf6 22. Nxf7 Be7 23. g5 Nc7 24. Qh1 Rf8 25. Nd6+ Bxd6 26. exd6 Qe3+ 27. Kb1 Ne6 28. Re7 f4 29. a3 f3 30. Qh7 Qg1+ 31. Ka2 Nd8 32. Rxa7 Rf7 33. Rxf7 1-0

[Event "Collado Villalba op 28th"]
[Site "Collado Villalba"]
[Date "2011.08.30"]
[Round "8"]
[White "Mena Corrochano, Alberto"]
[Black "Ortega Ruiz, Jose Miguel"]
[Result "1/2-1/2"]
[WhiteElo "2175"]
[BlackElo "2248"]
[PlyCount "90"]
[EventDate "2011.08.23"]
[EventType "swiss"]
[EventRounds "9"]
[EventCountry "ESP"]
[SourceTitle "CBM 144 Extra"]
[Source "ChessBase"]
[SourceDate "2011.10.28"]
[SourceVersion "1"]
[SourceVersionDate "2011.10.28"]
[SourceQuality "1"]

1. d4 d5 2. c4 c6 3. Nf3 Nf6 4. Nc3 dxc4 5. e4 b5 6. e5 Nd5 7. g3 Bf5 8. Nh4 Nxc3 9. bxc3 Be4 10. f3 Bd5 11. Bh3 e6 12. 0-0 Nd7 13. f4 g6 14. a4 Be7 15. Ng2 a5 16. Qe2 Nb6 17. axb5 cxb5 18. Ne3 Bc6 19. Bd2 Nd5 20. Rf2 h5 21. Raf1 Nxe3 22. Bxe3 Be4 23. Bg2 Qd5 24. h3 b4 25. Bxe4 Qxe4 26. Qxc4 0-0 27. Qe2 bxc3 28. f5 exf5 29. Rf4 Qc6 30. g4 hxg4 31. hxg4 fxg4 32. Qxg4 Qe6 33. Qg2 Rad8 34. R4f3 Kg7 35. Qh2 f5 36. exf6+ Rxf6 37. Qh6+ Kf7 38. Rxf6+ Bxf6 39. Bg5 Qg4+ 40. Kh1 Qe4+ 41. Kh2 Rd6 42. Qh7+ Ke8 43. Bxf6 Qe2+ 44. Kg1 Qg4+ 45. Kh2 Qe2+ 1/2-1/2

[Event "Collado Villalba op 28th"]
[Site "Collado Villalba"]
[Date "2011.08.28"]
[Round "6"]
[White "Mena Corrochano, Alberto"]
[Black "Madurga Lopez, Ignacio"]
[Result "1-0"]
[WhiteElo "2175"]
[BlackElo "2036"]
[PlyCount "61"]
[EventDate "2011.08.23"]
[EventType "swiss"]
[EventRounds "9"]
[EventCountry "ESP"]
[SourceTitle "CBM 144 Extra"]
[Source "ChessBase"]
[SourceDate "2011.10.28"]
[SourceVersion "1"]
[SourceVersionDate "2011.10.28"]
[SourceQuality "1"]

1. d4 d6 2. c4 Nf6 3. Nc3 g6 4. Nf3 Bg7 5. e4 0-0 6. Be2 e5 7. 0-0 Nc6 8. d5 Ne7 9. b4 Nh5 10. Re1 a5 11. Ba3 axb4 12. Bxb4 b6 13. a4 f5 14. Nd2 Nf6 15. a5 bxa5 16. Bxa5 f4 17. Nb3 Ne8 18. Nb5 Rf7 19. c5 dxc5 20. d6 Nc6 21. Bc4 Nxa5 22. Bxf7+ Kxf7 23. Nxa5 cxd6 24. Nc6 Qb6 25. Rxa8 Qxc6 26. Ra7+ Kf8 27. Qb3 c4 28. Qb4 Be6 29. Rd1 Qb6 30. Ra8 Qc6 31. Rxd6 1-0

[Event "Collado Villalba op 28th"]
[Site "Collado Villalba"]
[Date "2011.08.23"]
[Round "1"]
[White "Mena Corrochano, Alberto"]
[Black "Ananian, Arman"]
[Result "0-1"]
[WhiteElo "2175"]
[BlackElo "1847"]
[PlyCount "78"]
[EventDate "2011.08.23"]
[EventType "swiss"]
[EventRounds "9"]
[EventCountry "ESP"]
[SourceTitle "CBM 144 Extra"]
[Source "ChessBase"]
[SourceDate "2011.10.28"]
[SourceVersion "1"]
[SourceVersionDate "2011.10.28"]
[SourceQuality "1"]

1. d4 Nf6 2. c4 g6 3. Nc3 Bg7 4. Nf3 d6 5. h3 0-0 6. Bf4 Nc6 7. e3 a6 8. Be2 Nd7 9. 0-0 e5 10. Bh2 f5 11. dxe5 Ndxe5 12. Rc1 Kh8 13. Qd2 g5 14. Rfd1 g4 15. hxg4 fxg4 16. Nxe5 Nxe5 17. Nd5 h5 18. Bf4 Bf5 19. c5 dxc5 20. Rxc5 c6 21. Bxe5 Bxe5 22. Nb6 Qe7 23. Rxe5 Qxe5 24. Nxa8 Rxa8 25. Qb4 b5 26. Rd6 c5 27. Qd2 Rf8 28. Rd5 Qf6 29. Rd6 Qf7 30. b3 Bh7 31. f3 Qg7 32. f4 g3 33. Bxh5 Qe7 34. Bf3 Qg7 35. Qc1 Rc8 36. Rxa6 c4 37. Ra8 Rxa8 38. Bxa8 c3 39. b4 c2 0-1

[Event "ESP-chT2 Gr2"]
[Site "Granada"]
[Date "2010.08.04"]
[Round "1"]
[White "Sanchez Gonzalez, Sergio"]
[Black "Mena Corrochano, Alberto"]
[Result "0-1"]
[WhiteElo "2311"]
[BlackElo "2168"]
[PlyCount "56"]
[EventDate "2010.08.04"]
[EventType "team-tourn"]
[EventRounds "6"]
[EventCountry "ESP"]
[SourceTitle "CBM 137 Extra"]
[Source "ChessBase"]
[SourceDate "2010.09.01"]
[SourceVersion "1"]
[SourceVersionDate "2010.09.01"]
[SourceQuality "1"]

1. Nc3 d5 2. e4 c6 3. Nf3 Bg4 4. exd5 cxd5 5. h3 Bxf3 6. Qxf3 Nf6 7. d4 Nc6 8. Be3 e6 9. Be2 Bb4 10. 0-0 0-0 11. Rfd1 Rc8 12. Bg5 Be7 13. Rab1 Ne8 14. Be3 Nd6 15. g4 f5 16. gxf5 Nxf5 17. Qg4 Rf6 18. Kh1 Rg6 19. Qf3 Qd7 20. Rg1 Nfxd4 21. Qh5 Nxe2 22. Nxe2 d4 23. Bd2 Rxg1+ 24. Rxg1 Bf6 25. Nf4 Ne5 26. Nd3 Qc6+ 27. Rg2 Nf3 28. Bh6 Nh4 0-1